Inauguraciones de obras
Publicado:
San Jorge, núm. 78 (2n trimestre 1970), pàg 114 :
MARC
| LEADER | 00000nam a2200000Ia 4500 | ||
|---|---|---|---|
| 008 | 160829s9999 xx 000 0 cat d | ||
| 245 | |a Inauguraciones de obras | ||
| 260 | |a San Jorge, núm. 78 (2n trimestre 1970), pàg 114 | ||
| 650 | |a Obres públiques |9 38683 | ||
| 650 | 0 | |a Ponts |z Vallès Oriental (Catalunya) |x Disseny i construcció |9 40258 | |
| 650 | 0 | |a Camins |z Barcelona (Província) |x Disseny i construcció |9 28422 | |
| 651 | 0 | |a Badalona |9 50685 | |
| 651 | 0 | |a Cardedeu |9 50886 | |
| 901 | |a Arxiu | ||
| 942 | |n 1 |2 udc | ||
| 952 | |0 0 |1 0 |4 0 |7 1 |9 49758 |a Arxiu |b Arxiu |d 2016-12-01 |l 0 |r 2016-12-01 00:00:00 |w 2016-12-01 |y ARXIU | ||
| 999 | |c 53600 |d 53600 | ||